00309nam a2200133Ia 45000030006000000080041000060400015000471000020000622450027000822600031001093000006001405460012001460050017001580STCL150530s9999 xx 000 0 und d aSTCLcSTCL aBrahmachari, G. aOrganic Name Reactions bNarosa; Delhic2006aDelhi a0 aEnglish20220125170321.0